Podnikový rozpočet v praktickom príklade

Salvato in:
Dettagli Bibliografici
Natura: Libro
Lingua:slovacco
Pubblicazione: Bratislava Práca 1951
Tags: Aggiungi Tag
Nessun Tag, puoi essere il primo ad aggiungerne!!

MARC

LEADER 00000nam a2200000 4500
001 0312203
005 20250912095930.8
041 0 |a slo 
044 |a SK 
245 1 0 |a Podnikový rozpočet v praktickom príklade  |c J. Bouše ; Š. Hirschner 
264 1 |a Bratislava  |b Práca  |c 1951